000 00950nam a2200253Ia 4500
003 OSt
005 20221005113511.0
006 a|||||r|||| 00| 0
007 ta
008 221004b |||||||| |||| 00| 0 pan d
020 _c200
024 _a117000
037 _b660, 22/03/2012, H.K. Prakashan
_cTextual
040 _aCRL
_cCRL
_bpan
041 _2pan
_apan
082 _aO153:g, P8
100 _aਸੇਖੋ੍ਵ, ਰਾਜਿੰਦਰ ਸਿੰਘ
245 0 _aਆਲੋਚਨਾ ਅਤੇ ਪੰਜਾਬੀ ਆਲੋਚਨਾ
_b ਸਿਧਾਂਤ ਤੇ ਸਿਧਾਂਤਕਾਰ
260 _aਲੁਧਿਆਣਾ
_bਲਾਹੌਰ ਬੁੱਕ ਾਪ ਭਾਰਤ
_c2008
300 _a248 ਪੰ0
_ccm.
650 _aਪੰਜਾਬੀ ਸਾਹਿਤ
942 _hO153:g, P8
_cTEXL
_2cc
999 _c1028383
_d1028383